000 01012nam a2200301 i 4500
001 bg
003 BPK
005 20200429133024.0
008 000619s2000 pl a f f |001 0 pol
015 _aPB 2000/14728
020 _a8320425077
040 _aWA N
_cBPK
041 0 _apol
080 _a621.315
080 _a(075.8)
100 1 _aMarkiewicz, Henryk
_d(1933- )
_eAutor
245 1 0 _aInstalacje elektryczne /
_cHenryk Markiewicz.
250 _aWyd. 2 zm.
260 _aWarszawa :
_bWydawnictwa Naukowo-Techniczne,
_c2000.
300 _a456, [2] s. :
_bil. ;
_c24 cm.
504 _aBibliogr. - Indeks.
521 8 _aDla studentów wydziałów elektrycznych oraz dla uczniów średnich szkół technicznych.
655 4 _aPodręczniki akademickie
650 4 _aInstalacje elektryczne
710 2 _aWydawnictwa Naukowo-Techniczne
_4pbl.
942 _2UKD
_cKS
856 _uhttp://koha.tu.koszalin.pl/cgi-bin/koha/opac-detail.pl?biblionumber=51431
_yKatalog online BPK
999 _c51431
_d51431